00485nam a2200145Ia 4500003000400000005001700004008004100021040002900062050002800091100001900119245012300138260004100261300001400302650002300316OSt20230525114649.0230222s9999||||xx |||||||||||||| ||und|| cChuka University Library aTHE LC 5201 b.S67 2016 aSora, Alex Ali 0aStakeholders' preparedness in implementation of adult literacy programmes in Sololo Sub-County, Marsabit County, Kenya aChuka, KenyabChuka Universityc2016 a57 leaves a1. Adult education